000 01150nam0a22002651 4500
001 rc\2742688
005 20110915165948.2
035 _a(NLR Aleph) 006869805
090 _a6935192
_c6935193
100 _a20110915d1939 |||y0rusy50 ca
101 0 _arus
102 _aRU
105 _ay z |||||
200 1 _aБелогорская минеральная вода
_eКлинико-эксперимент. исследование
_e[Сб. статей]
_fА. Л. Ланда, В. И. Завражнов
_gС предисл. и под ред. проф. Н. И. Лепорского
_gГоспитал. терапевт. клиника и Кафедра фармакологии Воронеж. мед. ин-та
210 _aВоронеж
_cБ. и.
_d1939
215 _a144 с.
_cграф.
_d20 см.
320 _aБиблиогр. в конце статей
700 1 _aЛанда
_bА. Л.
_f1906-
_gАлександр Леонович
701 1 _aЗавражнов
_bВ. И.
702 1 _aЛепорский
_bН. И.
_4080
_4340
801 0 _aRU
_bNLR
_gpsbo
801 1 _aRU
_bELAR
_2rusmarc
852 _aNLR
_j39-3/602
942 _cBOOK
980 _aNB